• 首页
  • 本馆介绍
  • 公告通知
  • 最新文献
  • 馆藏检索
  • 电子资源
  • 读者导购
  • 参考咨询
  • 我的图书馆
  • 登录
  • 详细信息显示
  • 放入我的书架
  • 预约/预借图书
  • 作者相关作品
  • 分类相关作品
  • 丛书相关作品
  • 出版社相关作品

书目信息

  • 表格格式
  • 工作单格式
  • 卡片格式
题名:
文中子中说译注
    
 
作者: 郑春颖 译注
分册:  
出版信息: 哈尔滨   黑龙江人民出版社  2003
页数: 205页
开本: 22cm
丛书名: 二十二子详注全译
单 册:
中图分类: B241.14
科图分类:
主题词: 古典哲学--中国--隋代 , 古典哲学
电子资源:
ISBN: 7-207-04394-5
000 00933oam2 2200301 450
001 05002241394
005 20051226095910.50
010    @a7-207-04394-5@dCNY509.10(全套)
092    @aCN
100    @a20050627e20042003ekmy0chiy0120 ea
101 0  @achi
102    @aCN@b230000
105    @ay z 000yy
200 1  @a文中子中说译注@9wen zhong zi zhong shuo yi zhu@f郑春颖译注@Fzheng chun ying yi zhu
210    @a哈尔滨@c黑龙江人民出版社@d2003@h2004重印
215    @a205页@d22cm
225 2  @a二十二子详注全译@f韩格平,董莲池主编
330    @a《中说》包括王道篇、天地篇、事君篇、周公篇、问易篇、礼乐篇、述史篇、魏相篇、立命篇、关朗篇。
461  0 @12001 @a二十二子详注全译
605    @a中说@x译文
605    @a中说
606 0  @a古典哲学@y中国@z隋代
606 0  @a古典哲学
690    @aB241.14@v4
701  0 @a郑春颖@9zheng chun ying@4译注
801  0 @aCN@bNLC@c20051226
905    @a10447@dB241.14@e2
999    @aHSJ
    
    文中子中说译注/郑春颖译注.-哈尔滨:黑龙江人民出版社,2003(2004重印)
    205页;22cm.-(二十二子详注全译/韩格平,董莲池主编)
    
    
    ISBN 7-207-04394-5:CNY509.10(全套)
    《中说》包括王道篇、天地篇、事君篇、周公篇、问易篇、礼乐篇、述史篇、魏相篇、立命篇、关朗篇。
●
相关链接 在E读中查询图书 在五车中查询图书 在当当中查询图书 在豆瓣中查询图书


正题名:文中子中说译注     索取号:B241.14/2         预约/预借

序号 登录号 条形码 馆藏地/架位号 状态 备注
1 0369773   203697730   第一样本阅览室/ [索取号:B241.14/2] 在馆    
2 0369774   203697749   第一借阅区/ [索取号:B241.14/2] 在馆    
3 0372501   203725013   第一借阅区/ [索取号:B241.14/2] 在馆    
4 0372502   203725022   第一借阅区/ [索取号:B241.14/2] 在馆    
5 0372503   203725031   第一借阅区/ [索取号:B241.14/2] 在馆    
唐山师范学院图书馆 欢迎您!
大连网信软件有限公司© 版权所有